000 00879nam a2200265 a 4500
008
020 _a9788192085258 (hbk.)
049 _aMAIN
090 _aREF LB1028.3
_bSHA
100 1 _aSharma, Indrajit.
245 1 0 _aEncyclopedia of educational technology :
_bEducational technology in 21st century :
_nvolume 3 /
_cIndrajit Sharma [and] Shiv Kumar Koli.
260 _aNew Delhi :
_bArpan publications,
_c2013.
300 _av, 266 p. :
_bill. ;
_c23 cm.
500 _aIncludes index.
504 _aIncludes bibliographical references.
650 _aInternet technology.
650 _aAudio-visual education.
650 _aMultimedia education.
650 _aTechnology education.
907 _a.b10335742
_b18-10-13
_c16-10-13
003
005 20230123122031.0
040 _cNUST
942 _cBOOKS
_kREF LB1028.3
_mSHA
999 _c126650
_d126650